Statistics for Naruto general knowledge quiz 2

Click here to take the quiz!

General Stats

  • This quiz has been taken 324 times
  • The average score is 8 of 10

Answer Stats

HintAnswer% Correct
Female mind transfer jutsuIno
94%
Guy who doesn't like getting called fatChoji
92%
Shadow paralysis userShikamaru
92%
Copycat ninjaKakashi
90%
Spinning ball of chakraRasengan
84%
One tails jinchunrikiGaara
84%
Aburame clan member who is part of the konoha 11Shino
83%
Perverted techniqueSexy jutsu
58%
Ninja mind techniquesGenjutsu
55%
Ninja techniquesNinjutsu
55%

Score Distribution

Percentile by Number Answered

Percent of People with Each Score

Your Score History

You have not taken this quiz